00426nam a2200193Ia 4500003000900000008004100009040001300050040001300063041000800076100002100084245003600105250001200141260001400153260000900167300001100176300001200187490002700199490000600226IT-RoPAU120407s9999 xx 000 0 und d aIT-RoPAU cIT-RoPAU aita aGirolamo Arnaldi aLe origini dell’università. aBologna aIl Mulino c1974 a217 p. c21.5 cm aProblemi e prospettive v1